Catalog

Record Details

Catalog Search



Available copies

  • 2 of 2 copies available at LARL/NWRL Consortium.
  • 2 of 2 copies available at Lake Agassiz Regional Library. (Show preferred library)

Current holds

0 current holds with 2 total copies.

Show All Copies
Location Call Number / Copy Notes Barcode Shelving Location Status Due Date
Crookston Public Library SAL (Text) 33500013285572 Main Available -
Moorhead Public Library SAL (Text) 33500013285564 Main Available -

Record details

  • ISBN: 9781492697459
  • ISBN: 1492697451
  • Physical Description: 345 pages ; 18 cm.
  • Publisher: Naperville, Illinois : Sourcebooks Casablanca, [2020]

Content descriptions

General Note:
Includes excerpt from Somebody to love
Summary, etc.:
"How often do you find a love like this? Cathy ... Read More
Subject: Man-woman relationships > Fiction.
Abused women > Fiction.
Ranchers > Fiction.
Life change events > Fiction.
Country life > Georgia > Fiction.
Georgia > Fiction.
Life change events.
Man-woman relationships.
Ranchers.
Georgia.
Genre: Romance fiction.
Fiction.
Romance fiction.
LDR 02289cam a2200481 i 4500
001348066
003LARL_NWRL_CONSORTIUM
00520200914160706.0
008200723s2020 ilu 000 1 eng d
040 . ‡aGRC ‡beng ‡erda ‡cGRC ‡dOQX ‡dOCLCF ‡dNZAUC ‡dYU6 ‡dFLQ ‡dOCLCO
020 . ‡a9781492697459 ‡q(paperback)
020 . ‡a1492697451 ‡q(paperback)
035 . ‡a(OCoLC)1176464320
08204. ‡a813/.54 ‡223
1001 . ‡aSala, Sharon, ‡eauthor. ‡0(LARL_NWRL_CONSORTIUM)117306
24510. ‡aOnce in a blue moon / ‡cSharon Sala.
264 1. ‡aNaperville, Illinois : ‡bSourcebooks Casablanca, ‡c[2020]
264 4. ‡c©2020
300 . ‡a345 pages ; ‡c18 cm.
336 . ‡atext ‡btxt ‡2rdacontent
337 . ‡aunmediated ‡bn ‡2rdamedia
338 . ‡avolume ‡bnc ‡2rdacarrier
4900 . ‡aBlessings, Georgia ; ‡v10
500 . ‡aIncludes excerpt from Somebody to love
520 . ‡a"How often do you find a love like this? Cathy Terry is tired of running. Full of fear and hope, she backpacked across the country to Blessings, Georgia, not knowing if or when her abusive ex-husband would catch up to her. In Blessings she glimpses a safe haven and the closest feeling to home she's had in a long time--even more so when she meets Duke Talbot. The sweet, strong, and handsome rancher provides a shoulder to lean on. The stakes get higher as the community embraces her and her relationship with Duke deepens. But can Cathy claim a new home and family before her past claims her?"--Provided by publisher.
650 0. ‡aMan-woman relationships ‡vFiction. ‡0(LARL_NWRL_CONSORTIUM)165985
650 0. ‡aAbused women ‡vFiction. ‡0(LARL_NWRL_CONSORTIUM)163225
650 0. ‡aRanchers ‡vFiction. ‡0(LARL_NWRL_CONSORTIUM)167016
650 0. ‡aLife change events ‡vFiction. ‡0(LARL_NWRL_CONSORTIUM)165934
650 0. ‡aCountry life ‡zGeorgia ‡vFiction.
651 0. ‡aGeorgia ‡vFiction. ‡0(LARL_NWRL_CONSORTIUM)165404
650 7. ‡aLife change events. ‡2fast ‡0(LARL_NWRL_CONSORTIUM)176783
650 7. ‡aMan-woman relationships. ‡2fast ‡0(LARL_NWRL_CONSORTIUM)38460
650 7. ‡aRanchers. ‡2fast ‡0(LARL_NWRL_CONSORTIUM)29401
651 7. ‡aGeorgia. ‡2fast ‡0(LARL_NWRL_CONSORTIUM)2012
655 7. ‡aRomance fiction. ‡2lcgft
655 7. ‡aFiction. ‡2fast
655 7. ‡aRomance fiction. ‡2fast
901 . ‡a348066 ‡bOCoLC ‡c348066 ‡tbiblio ‡soclc

Additional Resources